Langues régionales de france - Statistiques

Statistiques générales
  • Ce quiz a été pris 278 fois
    241 depuis la dernière actualisation
  • Le résultat moyen est 7 sur 16
Statistiques - réponses
Réponse % Correct
Breton
96%
Basque
83%
Alsacien
82%
Corse
75%
Normand
57%
Catalan
54%
Picard
47%
Lorrain
37%
Savoyard
35%
Creole
30%
Bourguignon
25%
Chtimi
25%
Gascon
25%
Franc comtois
16%
Béarnais
15%
Jurassien
6%
Aucun quiz correspondant
Distribution des résultats
% des personnes avec chaque résultat
Percentile par nombre de réponses
Votre historique - résultats
Vous n’avez pas pris ce quiz depuis la dernière actualisation